|
|
|
|
| LEADER |
00000nam a2200000 i 4500 |
| 001 |
1/47773 |
| 008 |
070706s2001 eng d |
| 020 |
|
|
|a 0-141-00042-2
|
| 035 |
|
|
|l 10088731
|
| 040 |
|
|
|a GR-MY-UA
|b gre
|e aacr
|
| 041 |
0 |
|
|a eng
|
| 082 |
0 |
|
|a 940.5318
|2 (22)
|
| 100 |
1 |
|
|a Browning, Christopher R.
|
| 245 |
1 |
0 |
|a Ordinary men :
|b Reserve Police Battalion 101 and the final solution in Poland /
|c Christopher R. Browning
|
| 260 |
|
|
|a London :
|b Penguin,
|c 2001
|
| 300 |
|
|
|a xx, 271 σ.;
|b εικ., χάρτες;
|c 20 εκ.
|
| 504 |
|
|
|a Περιέχει βιβλιογραφικές παραπομπές και ευρετήριο
|
| 650 |
0 |
0 |
|a Holocaust, Jewish (1939-1945).
|
| 650 |
0 |
0 |
|a World War, 1939-1945
|x Personal narratives, German.
|
| 650 |
0 |
0 |
|a World War, 1939-1945
|x Atrocities.
|
| 651 |
|
0 |
|a Germany
|x Armed Forces
|y 20th centuryPoland
|x History.
|
| 852 |
|
|
|a INST
|b LESVOS
|e 20070706
|h 940.5318 BRO
|p 005100037937
|q 005100037937
|t BK
|y 0
|
| 901 |
|
|
|a BIBL1-2007-2
|
| 909 |
|
|
|a Λ
|b 135660
|
| 922 |
|
|
|a 1ΕΛΗ
|b 200706
|c ΕΠΕΑΕΚ2/ΤΚΑ
|d ΠΑΠΑΣΩΤΗΡΙΟΥ
|
| 970 |
|
|
|a ΚΑΡΑ
|b ΓΙΑΣΕΜΗ
|z 2007/07/06
|